[Event "Bamberg op-B 5th"]
[Site "Bamberg"]
[Date "2023.07.28"]
[Round "4"]
[White "Kovalskyy, Alicia"]
[Black "May, Alexander1111"]
[Result "0-1"]
[WhiteElo "1480"]
[BlackElo "1670"]
[PlyCount "44"]
[EventDate "2023.07.26"]
[EventType "swiss"]
[EventRounds "7"]
[EventCountry "GER"]
[SourceTitle "CBM 215 Extra"]
[Source "ChessBase"]
[SourceDate "2023.09.30"]
[SourceVersion "1"]
[SourceVersionDate "2023.09.30"]
[SourceQuality "1"]

1. e4 c6 2. d4 d5 3. exd5 cxd5 4. Bd3 Nf6 5. h3 Nc6 6. c3 e6 7. Bf4 Bd6 8. Bxd6 Qxd6 9. Nf3 0-0 10. 0-0 a6 11. Nbd2 b5 12. Nb3 b4 13. Nc5 bxc3 14. bxc3 Nb8 15. Re1 Nbd7 16. Nxd7 Bxd7 17. Ne5 Bb5 18. Re3 Bxd3 19. Rxd3 Rfc8 20. Qc1 Rc7 21. Rg3 Ne4 22. Re3 f6 0-1